| 000 | 01029nas a22003255a 4500 | ||
|---|---|---|---|
| 003 | EG-ScBUE | ||
| 005 | 20220621143936.0 | ||
| 008 | 150824r20051999enka f 000 0 eng d | ||
| 020 | _a0521656214 (pbk) | ||
| 020 | _a9780521656214 | ||
| 040 |
_aEG-ScBUE _beng _erda _cEG-ScBUE _dEG-ScBUE |
||
| 082 | 0 | 4 |
_a428.64 _bLEA _222 |
| 100 | 1 |
_aLeather, Sue, _eauthor. |
|
| 245 | 1 | 0 |
_aDeath in the dojo / _cSue Leather. |
| 250 | _aEighth printing. | ||
| 264 | 1 |
_aCambridge : _bCambridge University Press, _c2005. |
|
| 300 |
_a87 pages ; _c20 cm. |
||
| 336 |
_2rdacontent _atext _btxt |
||
| 337 |
_2rdamedia _aunmediated _bn |
||
| 338 |
_2rdacarrier _avolume _bnc |
||
| 490 | 0 |
_aCambridge English readers ; _vlevel 5 |
|
| 505 | _aSeries editor: Philip Prowse. | ||
| 590 | _aMohamed Hussein | ||
| 650 | 7 |
_aReaders (Adult) _2BUEsh _914134 |
|
| 650 | 7 |
_aEnglish language _vTextbooks for foreign speakers. _2BUEsh |
|
| 651 | _2BUEsh | ||
| 653 |
_cAugust2015 _bHHUUEENN |
||
| 655 |
_vReading book _934232 |
||
| 942 |
_cBB _2ddc |
||
| 999 |
_c3270 _d3270 |
||